000 nam a22 7a 4500
999 _c7252
_d7252
008 170801b xxu||||| |||| 00| 0 eng d
100 _93809
_aWorld Book
245 _aThe world book encyclopedia (vol - 11)
260 _aLondon
_bworld book publisher
_c1992